00726nam a2200241 a 4500001001300000003000900013005001700022008004100039020002300080082001700103100002200120245004600142260003900188300000900227500003500236505001000271650003100281700002200312902000800334942000700342952011800349999001700467nice12345678IN_TiNIC20260116014510.0090107s2008 newa grp 000 0 eng  a8180280357 c65000a306.254bNIC aNicholas, Ralph W aRites of Springb Gajan in Village Bengal aNew Delhi bChronicle Books c2008 a236p aincludes index and biblioraphy2 aindex aRites and Ceremonies-India1 aNicholas, Ralph W bSRS cBK 001040708StackRoom-aHMIbHMId2009-01-07g650.00l0o306.254 NICp022574r2009-01-07v650.00w2009-01-07yBK c15637d15637